| 000 | 00869nas a2200301 4500 | ||
|---|---|---|---|
| 001 | BR9505633 | ||
| 003 | BR-BrBNA | ||
| 005 | 20231205094443.0 | ||
| 007 | ta | ||
| 008 | 230509b bl.|||p| |||| 00| 00por d | ||
| 040 |
_aBR-BrBNA _bpor _cBiblioteca Nacional de Agricultura |
||
| 041 | _a(Pt) | ||
| 072 | _aQ54; L02 | ||
| 100 | 1 | _aGadelha, J.A. | |
| 100 | 1 | _aTeixeira, J.L.F. | |
| 100 | 1 | _aHaines, C.E. | |
| 100 | 1 | _aMendonca, H.L. | |
| 100 | 1 | _aCatunda, A.G. | |
| 245 | 1 | _aEfeito da racao sobre o rendimento e a qualidade da carcaca de frangos do corte. | |
| 650 | _aFrango de Corte | ||
| 650 | _aRacao | ||
| 650 | _aValor Nutritivo | ||
| 650 | _aCarcaca | ||
| 650 | _aAnalise Qualitativa | ||
| 773 | 0 |
_tCiencia Agronomica (Brazil) _x _g(Dec 1973), v. 3(1-2) p. 103-106 _wBR9505633 |
|
| 909 |
_a202311 _bLúcia _c55 _dLúcia Elande |
||
| 942 |
_2AGRIS _n0 _cANA |
||
| 999 |
_c144419 _d144419 |
||